000
00290nam a2200109Ia 4500
008
230907s9999||||xx |||||||||||||| ||und||
082
_a
668.3
_b
DES
245
0
_a
Design of adhesive joints under humid conditions /
260
_a
Springer,
_b
New York :
_c
2013
300
_a
182 p.
942
_c
BK
999
_c
600787
_d
600787